平成16年に消滅した市町村 - Statistics

General Stats
  • This quiz has been taken 12 times
  • The average score is 121 of 308
Answer Stats
イエローフラッグ消滅年月日 都道府県 郡名 市町村名 消滅事由 現市町村 % Correct
H16.02.01 岐阜県 吉城郡 古川町 新設 飛騨市
67%
H16.02.01 岐阜県 吉城郡 神岡町 新設 飛騨市
67%
H16.03.01 石川県 河北郡 宇ノ気町 新設 かほく市
67%
H16.03.01 岐阜県 益田郡 下呂町 新設 下呂市
67%
H16.04.01 京都府 熊野郡 久美浜町 新設 京丹後市
67%
H16.08.01 長崎県 福江市 新設 五島市
67%
H16.10.01 高知県 吾川郡 伊野町 新設 いの町
67%
H16.10.12 鹿児島県 川内市 新設 薩摩川内市
67%
H16.11.01 富山県 東礪波郡 城端町 新設 南砺市
67%
H16.11.01 富山県 西礪波郡 福光町 新設 南砺市
67%
H16.11.01 富山県 東礪波郡 庄川町 新設 砺波市
67%
H16.11.01 愛媛県 東予市 新設 西条市
67%
H16.02.01 岐阜県 本巣郡 本巣町 新設 本巣市
56%
H16.03.01 石川県 河北郡 高松町 新設 かほく市
56%
H16.03.01 岐阜県 郡上郡 八幡町 新設 郡上市
56%
H16.03.01 岐阜県 郡上郡 大和町 新設 郡上市
56%
H16.03.01 岐阜県 郡上郡 美並村 新設 郡上市
56%
H16.03.01 岐阜県 益田郡 萩原町 新設 下呂市
56%
H16.03.01 岐阜県 益田郡 金山町 新設 下呂市
56%
H16.03.01 広島県 高田郡 吉田町 新設 安芸高田市
56%
H16.04.01 静岡県 田方郡 修善寺町 新設 伊豆市
56%
H16.04.01 京都府 中郡 峰山町 新設 京丹後市
56%
H16.04.01 京都府 中郡 大宮町 新設 京丹後市
56%
H16.04.01 京都府 竹野郡 丹後町 新設 京丹後市
56%
H16.04.01 京都府 竹野郡 弥栄町 新設 京丹後市
56%
H16.04.01 兵庫県 養父郡 養父町 新設 養父市
56%
H16.04.01 広島県 双三郡 君田村 新設 三次市
56%
H16.04.01 広島県 双三郡 布野村 新設 三次市
56%
H16.04.01 広島県 双三郡 三良坂町 新設 三次市
56%
H16.04.01 愛媛県 川之江市 新設 四国中央市
56%
H16.04.01 愛媛県 伊予三島市 新設 四国中央市
56%
H16.04.01 愛媛県 宇摩郡 新宮村 新設 四国中央市
56%
H16.04.01 愛媛県 東宇和郡 宇和町 新設 西予市
56%
H16.10.01 滋賀県 甲賀郡 石部町 新設 湖南市
56%
H16.10.01 滋賀県 甲賀郡 甲西町 新設 湖南市
56%
H16.10.01 滋賀県 甲賀郡 水口町 新設 甲賀市
56%
H16.10.01 滋賀県 甲賀郡 土山町 新設 甲賀市
56%
H16.10.01 滋賀県 甲賀郡 甲賀町 新設 甲賀市
56%
H16.10.01 滋賀県 甲賀郡 甲南町 新設 甲賀市
56%
H16.10.01 滋賀県 甲賀郡 信楽町 新設 甲賀市
56%
H16.10.01 鳥取県 東伯郡 東郷町 新設 湯梨浜町
56%
H16.10.01 島根県 隠岐郡 西郷町 新設 隠岐の島町
56%
H16.10.01 岡山県 上房郡 賀陽町 新設 吉備中央町
56%
H16.10.01 高知県 吾川郡 吾北村 新設 いの町
56%
H16.10.04 山口県 熊毛郡 大和町 新設 光市
56%
H16.10.12 鹿児島県 薩摩郡 樋脇町 新設 薩摩川内市
56%
H16.10.12 鹿児島県 薩摩郡 東郷町 新設 薩摩川内市
56%
H16.10.12 鹿児島県 薩摩郡 祁答院町 新設 薩摩川内市
56%
H16.10.12 鹿児島県 薩摩郡 里村 新設 薩摩川内市
56%
H16.10.12 鹿児島県 薩摩郡 上甑村 新設 薩摩川内市
56%
H16.10.12 鹿児島県 薩摩郡 下甑村 新設 薩摩川内市
56%
H16.10.12 鹿児島県 薩摩郡 鹿島村 新設 薩摩川内市
56%
H16.10.16 茨城県 那珂郡 大宮町 改称 常陸大宮町
56%
H16.10.25 岐阜県 恵那郡 明智町 新設 恵那市
56%
H16.11.01 新潟県 南魚沼郡 大和町 新設 南魚沼市
56%
H16.11.01 富山県 東礪波郡 利賀村 新設 南砺市
56%
H16.11.01 鳥取県 岩美郡 国府町 編入 鳥取市
56%
H16.11.01 鳥取県 八頭郡 河原町 編入 鳥取市
56%
H16.11.01 鳥取県 気高郡 青谷町 編入 鳥取市
56%
H16.11.01 島根県 大原郡 木次町 新設 雲南市
56%
H16.11.01 岡山県 邑久郡 邑久町 新設 瀬戸内市
56%
H16.11.01 鹿児島県 鹿児島郡 吉田町 編入 鹿児島市
56%
H16.11.01 鹿児島県 鹿児島郡 桜島町 編入 鹿児島市
56%
H16.11.05 広島県 神石郡 神石町 新設 神石高原町
56%
H16.02.01 岐阜県 本巣郡 根尾村 新設 本巣市
44%
H16.02.01 岐阜県 吉城郡 宮川村 新設 飛騨市
44%
H16.03.01 新潟県 両津市 新設 佐渡市
44%
H16.03.01 石川県 河北郡 七塚町 新設 かほく市
44%
H16.03.01 岐阜県 郡上郡 白鳥町 新設 郡上市
44%
H16.03.01 岐阜県 郡上郡 高鷲村 新設 郡上市
44%
H16.03.01 岐阜県 益田郡 小坂町 新設 下呂市
44%
H16.03.01 長崎県 上県郡 峰町 新設 対馬市
44%
H16.03.31 熊本県 天草郡 大矢野町 新設 上天草市
44%
H16.03.31 熊本県 天草郡 松島町 新設 上天草市
44%
H16.04.01 京都府 竹野郡 網野町 新設 京丹後市
44%
H16.04.01 兵庫県 養父郡 八鹿町 新設 養父市
44%
H16.04.01 広島県 甲奴郡 上下町 編入 府中市
44%
H16.04.01 広島県 甲奴郡 甲奴町 新設 三次市
44%
H16.04.01 広島県 双三郡 作木村 新設 三次市
44%
H16.04.01 広島県 双三郡 吉舎町 新設 三次市
44%
H16.04.01 広島県 双三郡 三和町 新設 三次市
44%
H16.04.01 愛媛県 宇摩郡 土居町 新設 四国中央市
44%
H16.04.01 愛媛県 西宇和郡 三瓶町 新設 西予市
44%
H16.04.01 愛媛県 東宇和郡 明浜町 新設 西予市
44%
H16.04.01 愛媛県 東宇和郡 野村町 新設 西予市
44%
H16.04.01 愛媛県 東宇和郡 城川町 新設 西予市
44%
H16.08.01 愛媛県 上浮穴郡 久万町 新設 久万高原町
44%
H16.08.01 愛媛県 上浮穴郡 面河村 新設 久万高原町
44%
H16.09.01 山梨県 中巨摩郡 竜王町 新設 甲斐市
44%
H16.09.01 鳥取県 東伯郡 赤碕町 新設 琴浦町
44%
H16.09.21 愛媛県 温泉郡 重信町 新設 東温市
44%
H16.09.21 愛媛県 温泉郡 川内町 新設 東温市
44%
H16.10.01 石川県 鹿島郡 中島町 新設 七尾市
44%
H16.10.01 石川県 鹿島郡 能登島町 新設 七尾市
44%
H16.10.01 和歌山県 日高郡 南部川村 新設 みなべ町
44%
H16.10.01 和歌山県 日高郡 南部町 新設 みなべ町
44%
H16.10.01 鳥取県 東伯郡 羽合町 新設 湯梨浜町
44%
H16.10.01 島根県 能義郡 広瀬町 新設 安来市
44%
H16.10.01 島根県 邑智郡 大和村 新設 美郷町
44%
H16.10.01 島根県 邑智郡 瑞穂町 新設 邑南町
44%
H16.10.01 岡山県 御津郡 加茂川町 新設 吉備中央町
44%
H16.10.01 岡山県 上房郡 有漢町 新設 高梁市
44%
H16.10.01 広島県 山県郡 加計町 新設 安芸太田町
44%
H16.10.01 広島県 山県郡 戸河内町 新設 安芸太田町
44%
H16.10.01 広島県 世羅郡 世羅西町 新設 世羅町
44%
H16.10.01 山口県 大島郡 大島町 新設 周防大島町
44%
H16.10.01 徳島県 麻植郡 鴨島町 新設 吉野川市
44%
H16.10.01 徳島県 麻植郡 美郷村 新設 吉野川市
44%
H16.10.01 愛媛県 越智郡 魚島村 新設 上島町
44%
H16.10.01 愛媛県 越智郡 弓削町 新設 上島町
44%
H16.10.01 愛媛県 越智郡 生名村 新設 上島町
44%
H16.10.01 愛媛県 越智郡 岩城村 新設 上島町
44%
H16.10.01 愛媛県 南宇和郡 内海村 新設 愛南町
44%
H16.10.01 愛媛県 南宇和郡 城辺町 新設 愛南町
44%
H16.10.01 愛媛県 南宇和郡 一本松町 新設 愛南町
44%
H16.10.01 高知県 土佐郡 本川村 新設 いの町
44%
H16.10.12 山梨県 東山梨郡 春日居町 新設 笛吹市
44%
H16.10.12 山梨県 東八代郡 石和町 新設 笛吹市
44%
H16.10.12 山梨県 東八代郡 一宮町 新設 笛吹市
44%
H16.10.12 山梨県 東八代郡 八代町 新設 笛吹市
44%
H16.10.12 鹿児島県 薩摩郡 入来町 新設 薩摩川内市
44%
H16.10.16 茨城県 東茨城郡 御前山村 編入 大宮町
44%
H16.10.16 茨城県 那珂郡 山方町 編入 大宮町
44%
H16.10.16 茨城県 那珂郡 美和村 編入 大宮町
44%
H16.10.25 岐阜県 恵那郡 山岡町 新設 恵那市
44%
H16.11.01 新潟県 南魚沼郡 六日町 新設 南魚沼市
44%
H16.11.01 富山県 東礪波郡 平村 新設 南砺市
44%
H16.11.01 富山県 東礪波郡 上平村 新設 南砺市
44%
H16.11.01 富山県 東礪波郡 福野町 新設 南砺市
44%
H16.11.01 三重県 上野市 新設 伊賀市
44%
H16.11.01 三重県 阿山郡 伊賀町 新設 伊賀市
44%
H16.11.01 三重県 阿山郡 島ヶ原村 新設 伊賀市
44%
H16.11.01 三重県 阿山郡 大山田村 新設 伊賀市
44%
H16.11.01 三重県 名賀郡 青山町 新設 伊賀市
44%
H16.11.01 鳥取県 八頭郡 用瀬町 編入 鳥取市
44%
H16.11.01 鳥取県 八頭郡 佐治村 編入 鳥取市
44%
H16.11.01 鳥取県 気高郡 気高町 編入 鳥取市
44%
H16.11.01 鳥取県 気高郡 鹿野町 編入 鳥取市
44%
H16.11.01 島根県 大原郡 大東町 新設 雲南市
44%
H16.11.01 島根県 飯石郡 三刀屋町 新設 雲南市
44%
H16.11.01 岡山県 邑久郡 牛窓町 新設 瀬戸内市
44%
H16.11.01 広島県 安芸郡 江田島町 新設 江田島市
44%
H16.11.01 愛媛県 周桑郡 小松町 新設 西条市
44%
H16.11.01 鹿児島県 揖宿郡 喜入町 編入 鹿児島市
44%
H16.11.01 鹿児島県 日置郡 松元町 編入 鹿児島市
44%
H16.11.01 鹿児島県 日置郡 郡山町 編入 鹿児島市
44%
H16.11.05 広島県 神石郡 油木町 新設 神石高原町
44%
H16.11.05 広島県 神石郡 三和町 新設 神石高原町
44%
H16.12.01 茨城県 久慈郡 金砂郷町 編入 常陸太田市
44%
H16.12.01 茨城県 久慈郡 水府村 編入 常陸太田市
44%
H16.12.01 茨城県 久慈郡 里美村 編入 常陸太田市
44%
H16.12.06 三重県 桑名郡 多度町 新設 桑名市
44%
H16.12.06 三重県 桑名郡 長島町 新設 桑名市
44%
H16.02.01 岐阜県 吉城郡 河合村 新設 飛騨市
33%
H16.03.01 福井県 坂井郡 芦原町 新設 あわら市
33%
H16.03.01 福井県 坂井郡 金津町 新設 あわら市
33%
H16.03.01 岐阜県 郡上郡 明宝村 新設 郡上市
33%
H16.03.01 岐阜県 郡上郡 和良村 新設 郡上市
33%
H16.03.01 岐阜県 益田郡 馬瀬村 新設 下呂市
33%
H16.03.01 広島県 高田郡 美土里町 新設 安芸高田市
33%
H16.03.01 長崎県 壱岐郡 郷ノ浦町 新設 壱岐市
33%
H16.03.01 長崎県 下県郡 厳原町 新設 対馬市
33%
H16.03.01 長崎県 上県郡 上県町 新設 対馬市
33%
H16.03.01 長崎県 上県郡 上対馬町 新設 対馬市
33%
H16.03.31 熊本県 天草郡 姫戸町 新設 上天草市
33%
H16.03.31 熊本県 天草郡 龍ヶ岳町 新設 上天草市
33%
H16.04.01 新潟県 北蒲原郡 安田町 新設 阿賀野市
33%
H16.04.01 新潟県 北蒲原郡 水原町 新設 阿賀野市
33%
H16.04.01 静岡県 田方郡 土肥町 新設 伊豆市
33%
H16.04.01 静岡県 田方郡 天城湯ケ島町 新設 伊豆市
33%
H16.04.01 静岡県 田方郡 中伊豆町 新設 伊豆市
33%
H16.04.01 兵庫県 養父郡 大屋町 新設 養父市
33%
H16.04.01 兵庫県 養父郡 関宮町 新設 養父市
33%
H16.08.01 愛媛県 上浮穴郡 美川村 新設 久万高原町
33%
H16.08.01 愛媛県 上浮穴郡 柳谷村 新設 久万高原町
33%
H16.08.01 長崎県 南松浦郡 奈留町 新設 五島市
33%
H16.08.01 長崎県 南松浦郡 上五島町 新設 新上五島町
33%
H16.09.01 山梨県 中巨摩郡 敷島町 新設 甲斐市
33%
H16.09.01 山梨県 北巨摩郡 双葉町 新設 甲斐市
33%
H16.09.01 鳥取県 東伯郡 東伯町 新設 琴浦町
33%
H16.10.01 石川県 鹿島郡 田鶴浜町 新設 七尾市
33%
H16.10.01 三重県 志摩郡 浜島町 新設 志摩市
33%
H16.10.01 三重県 志摩郡 大王町 新設 志摩市
33%
H16.10.01 三重県 志摩郡 志摩町 新設 志摩市
33%
H16.10.01 三重県 志摩郡 阿児町 新設 志摩市
33%
H16.10.01 三重県 志摩郡 磯部町 新設 志摩市
33%
H16.10.01 滋賀県 野洲郡 中主町 新設 野洲市
33%
H16.10.01 滋賀県 野洲郡 野洲町 新設 野洲市
33%
H16.10.01 奈良県 北葛城郡 新庄町 新設 葛城市
33%
H16.10.01 奈良県 北葛城郡 當麻町 新設 葛城市
33%
H16.10.01 鳥取県 西伯郡 西伯町 新設 南部町
33%
H16.10.01 鳥取県 西伯郡 会見町 新設 南部町
33%
H16.10.01 島根県 邑智郡 邑智町 新設 美郷町
33%
H16.10.01 島根県 邑智郡 羽須美村 新設 邑南町
33%
H16.10.01 島根県 邑智郡 石見町 新設 邑南町
33%
H16.10.01 島根県 邑智郡 桜江町 編入 江津市
33%
H16.10.01 島根県 隠岐郡 布施村 新設 隠岐の島町
33%
H16.10.01 島根県 隠岐郡 都万村 新設 隠岐の島町
33%
H16.10.01 岡山県 川上郡 成羽町 新設 高梁市
33%
H16.10.01 岡山県 川上郡 川上町 新設 高梁市
33%
H16.10.01 広島県 山県郡 筒賀村 新設 安芸太田町
33%
H16.10.01 山口県 大島郡 東和町 新設 周防大島町
33%
H16.10.01 山口県 大島郡 橘町 新設 周防大島町
33%
H16.10.01 徳島県 麻植郡 川島町 新設 吉野川市
33%
H16.10.01 徳島県 麻植郡 山川町 新設 吉野川市
33%
H16.10.01 愛媛県 南宇和郡 御荘町 新設 愛南町
33%
H16.10.01 愛媛県 南宇和郡 西海町 新設 愛南町
33%
H16.10.12 山梨県 東八代郡 御坂町 新設 笛吹市
33%
H16.10.16 茨城県 那珂郡 常陸大宮町 市制 常陸大宮市
33%
H16.10.16 茨城県 那珂郡 緒川村 編入 大宮町
33%
H16.10.25 岐阜県 恵那郡 岩村町 新設 恵那市
33%
H16.10.25 岐阜県 恵那郡 串原村 新設 恵那市
33%
H16.10.25 岐阜県 恵那郡 上矢作町 新設 恵那市
33%
H16.11.01 秋田県 仙北郡 六郷町 新設 美郷町
33%
H16.11.01 秋田県 仙北郡 千畑町 新設 美郷町
33%
H16.11.01 秋田県 仙北郡 仙南村 新設 美郷町
33%
H16.11.01 新潟県 北魚沼郡 小出町 新設 魚沼市
33%
H16.11.01 新潟県 北魚沼郡 守門村 新設 魚沼市
33%
H16.11.01 新潟県 北魚沼郡 入広瀬村 新設 魚沼市
33%
H16.11.01 富山県 東礪波郡 井波町 新設 南砺市
33%
H16.11.01 岐阜県 羽島郡 川島町 編入 各務原市
33%
H16.11.01 三重県 阿山郡 阿山町 新設 伊賀市
33%
H16.11.01 兵庫県 氷上郡 氷上町 新設 丹波市
33%
H16.11.01 兵庫県 氷上郡 青垣町 新設 丹波市
33%
H16.11.01 兵庫県 氷上郡 春日町 新設 丹波市
33%
H16.11.01 鳥取県 岩美郡 福部村 編入 鳥取市
33%
H16.11.01 島根県 大原郡 加茂町 新設 雲南市
33%
H16.11.01 島根県 飯石郡 掛合町 新設 雲南市
33%
H16.11.01 島根県 美濃郡 美都町 編入 益田市
33%
H16.11.01 島根県 美濃郡 匹見町 編入 益田市
33%
H16.11.01 岡山県 邑久郡 長船町 新設 瀬戸内市
33%
H16.11.01 広島県 佐伯郡 能美町 新設 江田島市
33%
H16.11.01 広島県 佐伯郡 沖美町 新設 江田島市
33%
H16.11.01 広島県 佐伯郡 大柿町 新設 江田島市
33%
H16.11.01 山口県 厚狭郡 楠町 編入 宇部市
33%
H16.11.01 愛媛県 周桑郡 丹原町 新設 西条市
33%
H16.11.01 熊本県 下益城郡 中央町 新設 美里町
33%
H16.11.01 熊本県 下益城郡 砥用町 新設 美里町
33%
H16.11.05 広島県 神石郡 豊松村 新設 神石高原町
33%
H16.12.01 北海道 亀田郡 戸井町 編入 函館市
33%
H16.12.01 北海道 亀田郡 恵山町 編入 函館市
33%
H16.12.01 北海道 亀田郡 椴法華村 編入 函館市
33%
H16.12.01 北海道 茅部郡 南茅部町 編入 函館市
33%
H16.12.05 群馬県 勢多郡 大胡町 編入 前橋市
33%
H16.12.05 群馬県 勢多郡 宮城村 編入 前橋市
33%
H16.12.05 群馬県 勢多郡 粕川村 編入 前橋市
33%
H16.02.01 岐阜県 本巣郡 真正町 新設 本巣市
22%
H16.02.01 岐阜県 本巣郡 糸貫町 新設 本巣市
22%
H16.03.01 新潟県 佐渡郡 相川町 新設 佐渡市
22%
H16.03.01 新潟県 佐渡郡 佐和田町 新設 佐渡市
22%
H16.03.01 新潟県 佐渡郡 金井町 新設 佐渡市
22%
H16.03.01 新潟県 佐渡郡 新穂村 新設 佐渡市
22%
H16.03.01 新潟県 佐渡郡 畑野町 新設 佐渡市
22%
H16.03.01 新潟県 佐渡郡 真野町 新設 佐渡市
22%
H16.03.01 新潟県 佐渡郡 小木町 新設 佐渡市
22%
H16.03.01 新潟県 佐渡郡 羽茂町 新設 佐渡市
22%
H16.03.01 新潟県 佐渡郡 赤泊村 新設 佐渡市
22%
H16.03.01 広島県 高田郡 高宮町 新設 安芸高田市
22%
H16.03.01 広島県 高田郡 甲田町 新設 安芸高田市
22%
H16.03.01 長崎県 壱岐郡 勝本町 新設 壱岐市
22%
H16.03.01 長崎県 壱岐郡 芦辺町 新設 壱岐市
22%
H16.03.01 長崎県 壱岐郡 石田町 新設 壱岐市
22%
H16.03.01 長崎県 下県郡 美津島町 新設 対馬市
22%
H16.03.01 長崎県 下県郡 豊玉町 新設 対馬市
22%
H16.04.01 新潟県 北蒲原郡 京ヶ瀬村 新設 阿賀野市
22%
H16.04.01 新潟県 北蒲原郡 笹神村 新設 阿賀野市
22%
H16.04.01 長野県 小県郡 東部町 新設 東御市
22%
H16.04.01 静岡県 榛原郡 御前崎町 新設 御前崎市
22%
H16.04.01 静岡県 小笠郡 浜岡町 新設 御前崎市
22%
H16.04.01 広島県 豊田郡 川尻町 編入 呉市
22%
H16.08.01 長崎県 南松浦郡 富江町 新設 五島市
22%
H16.08.01 長崎県 南松浦郡 玉之浦町 新設 五島市
22%
H16.08.01 長崎県 南松浦郡 三井楽町 新設 五島市
22%
H16.08.01 長崎県 南松浦郡 岐宿町 新設 五島市
22%
H16.08.01 長崎県 南松浦郡 若松町 新設 新上五島町
22%
H16.08.01 長崎県 南松浦郡 新魚目町 新設 新上五島町
22%
H16.08.01 長崎県 南松浦郡 有川町 新設 新上五島町
22%
H16.08.01 長崎県 南松浦郡 奈良尾町 新設 新上五島町
22%
H16.09.13 山梨県 西八代郡 下部町 新設 身延町
22%
H16.09.13 山梨県 南巨摩郡 中富町 新設 身延町
22%
H16.10.01 鳥取県 東伯郡 泊村 新設 湯梨浜町
22%
H16.10.01 島根県 能義郡 伯太町 新設 安来市
22%
H16.10.01 島根県 隠岐郡 五箇村 新設 隠岐の島町
22%
H16.10.01 岡山県 川上郡 備中町 新設 高梁市
22%
H16.10.01 広島県 世羅郡 甲山町 新設 世羅町
22%
H16.10.01 山口県 大島郡 久賀町 新設 周防大島町
22%
H16.10.12 山梨県 東八代郡 境川村 新設 笛吹市
22%
H16.11.01 福島県 北会津郡 北会津村 編入 会津若松市
22%
H16.11.01 茨城県 多賀郡 十王町 編入 日立市
22%
H16.11.01 新潟県 北魚沼郡 堀之内町 新設 魚沼市
22%
H16.11.01 富山県 東礪波郡 井口村 新設 南砺市
22%
H16.11.01 山梨県 北巨摩郡 明野村 新設 北杜市
22%
H16.11.01 山梨県 北巨摩郡 須玉町 新設 北杜市
22%
H16.11.01 山梨県 北巨摩郡 高根町 新設 北杜市
22%
H16.11.01 山梨県 北巨摩郡 長坂町 新設 北杜市
22%
H16.11.01 山梨県 北巨摩郡 大泉村 新設 北杜市
22%
H16.11.01 山梨県 北巨摩郡 白州町 新設 北杜市
22%
H16.11.01 山梨県 北巨摩郡 武川村 新設 北杜市
22%
H16.11.01 兵庫県 氷上郡 柏原町 新設 丹波市
22%
H16.11.01 兵庫県 氷上郡 山南町 新設 丹波市
22%
H16.11.01 兵庫県 氷上郡 市島町 新設 丹波市
22%
H16.11.01 島根県 飯石郡 吉田村 新設 雲南市
22%
H16.03.01 広島県 高田郡 八千代町 新設 安芸高田市
11%
H16.03.01 広島県 高田郡 向原町 新設 安芸高田市
11%
H16.04.01 長野県 北佐久郡 北御牧村 新設 東御市
11%
H16.07.01 青森県 三戸郡 倉石村 編入 五戸町
11%
H16.11.01 新潟県 北魚沼郡 湯之谷村 新設 魚沼市
11%
H16.11.01 新潟県 北魚沼郡 広神村 新設 魚沼市
11%
No matching quizzes found
Score Distribution
Percent of People with Each Score
Percentile by Number Answered
Your Score History
You have not taken this quiz